The confident Christian. (Record no. 5778)

000 -LEADER
fixed length control field 00582nam a2200181 a 4500
001 - CONTROL NUMBER
control field :::00003520$&:&@@
003 - CONTROL NUMBER IDENTIFIER
control field OkBaRHE
005 - DATE AND TIME OF LATEST TRANSACTION
control field 20100401124952.0
008 - FIXED-LENGTH DATA ELEMENTS--GENERAL INFORMATION
fixed length control field s1981 j 000 0 eng u
040 ## - CATALOGING SOURCE
Transcribing agency
100 1# - MAIN ENTRY--PERSONAL NAME
Personal name Nelson, Wilbur E.
245 14 - TITLE STATEMENT
Title The confident Christian.
260 ## - PUBLICATION, DISTRIBUTION, ETC. (IMPRINT)
Place of publication, distribution, etc Nashville, TN., :
Name of publisher, distributor, etc Thomas Nelson Publishers
Date of publication, distribution, etc 1981
300 ## - PHYSICAL DESCRIPTION
Extent 144 p. ;
Dimensions 21 cm.
650 ## - SUBJECT ADDED ENTRY--TOPICAL TERM
Topical term or geographic name as entry element Bible New Testament 2 Corinthians
General subdivision Meditations
942 ## - ADDED ENTRY ELEMENTS (KOHA)
Source of classification or shelving scheme
Koha item type Books
Copies
Copy number Source of classification or shelving scheme Permanent Location Date acquired Not for loan Koha item type Damaged status Shelving location Withdrawn status Date last seen Price effective from Barcode Full call number Lost status
1 RHEMA Bible Training College2010-04-14 Books General Stacks 2018-04-032010-04-143520BS 2675.4 .N44 1981